| 000 | 00507nam a2200193Ia 4500 | ||
|---|---|---|---|
| 005 | 20140312095002.0 | ||
| 008 | 140130s9999 xx 000 0 und d | ||
| 020 | _a9781845065423 | ||
| 050 |
_aPZ 7 _b.T16534Ten 2004 |
||
| 100 | _aTarbett, Debbie | ||
| 245 |
_cTarbett, Debbie _aTen wriggly, wiggly caterpillars / |
||
| 260 |
_bScholastic, _c2004. _aChina : |
||
| 300 |
_a1 v. (unpaged) : _bcol. ill. ; _c24 cm. |
||
| 440 | _v1 | ||
| 521 | _aG2 | ||
| 526 | _c490 | ||
| 942 |
_cBK _2lcc |
||
| 999 |
_c41623 _d41623 |
||